MARC details
| 000 -LEADER |
| campo de control de longitud fija |
02742nka a2200373 i 4500 |
| 001 - NÚMERO DE CONTROL |
| campo de control |
102997 |
| 003 - IDENTIFICADOR DE NÚMERO DE CONTROL |
| campo de control |
ES-MaACL |
| 005 - FECHA Y HORA DE LA ÚLTIMA TRANSACCIÓN |
| campo de control |
20250823063058.0 |
| 007 - CAMPO FIJO DE DESCRIPCIÓN FÍSICA--INFORMACIÓN GENERAL |
| campo de control de longitud fija |
t| |
| 008 - DATOS DE LONGITUD FIJA--INFORMACIÓN GENERAL |
| campo de control de longitud fija |
051223e1808 sp f | |r||1c|spa |
| 100 1# - ENTRADA PRINCIPAL--NOMBRE DE PERSONA |
| Nombre de persona |
Selma, Fernando, |
| Fechas asociadas al nombre |
1752-1810 |
| Término indicativo de función/relación |
Dibujante |
| -- |
Grabador |
| 9 (RLIN) |
157690 |
| 245 11 - MENCIÓN DEL TÍTULO |
| Título |
[Adoración de pastores] |
| Medio |
[Material gráfico] / |
| Mención de responsabilidad, etc. |
La dibujó y gravó Dn. Fernando Selma, Grabador de Cámara de S.M., año de 1808 |
| 260 ## - PUBLICACIÓN, DISTRIBUCIÓN, ETC. |
| Lugar de publicación, distribución, etc. |
[Madrid : |
| Nombre del editor, distribuidor, etc. |
Se halla en la Calcografía de la Ymprenta Real, |
| Fecha de publicación, distribución, etc. |
1808] |
| 300 ## - DESCRIPCIÓN FÍSICA |
| Extensión |
1 estampa : |
| Otras características físicas |
grabado calcográfico ; |
| Dimensiones |
600 x 500 mm |
| 490 1# - MENCIÓN DE SERIE |
| Mención de serie |
Colección facticia de grabados ; |
| Designación de volumen o secuencia |
41 |
| RLIN |
184692 |
| 500 ## - NOTA GENERAL |
| Nota general |
Inscripción: "Quadro de Dn Francisco Bayeu, Pintor de Cámara de S.M.C. que se conserva en el Convento de Sn Pascual de Aranjuez; tiene de alto doce pies y once pulgadas y de ancho diez y nueve pulgadas" |
| 500 ## - NOTA GENERAL |
| Nota general |
Grabado de Fernando Selma, realizado en 1808, del lienzo de Bayeu “Nacimiento”. Forma parte, junto con “Anunciación”, “Ascensión” y “Pentecostés”, de la serie pictórica para el claustro del Convento de San Pascual de Aranjuez, pintada en 1769 y desaparecida |
| 520 ## - RESUMEN, ETC. |
| Sumario, etc. |
Estampa que reproduce la pintura de Francisco Bayeu para el Convento de San Pascual de Aranjuez, que le dio mucha fama, posibilitándole el salto a la corte. Fue realizada por Fernando Selma, prestigioso grabador valenciano, en el momento de su madurez artística, de cuya relevancia profesional habla el hecho de que, en 1799, se le concediera el título de grabador de cámara de Carlos IV sin haberlo solicitado. Se considera una de sus obras maestras, que comienza hacia 1773-75, cuando está en Aranjuez realizando varias vistas de sus palacios, aunque, paradójicamente, vería la luz en París tras su fallecimiento |
| 530 ## - NOTA DISPONIBLE DE FORMULARIO FÍSICO ADICIONAL |
| Nota de formato físico adicional disponible |
Disponible en formato digital |
| 600 04 - PUNTO DE ACCESO ADICIONAL DE MATERIA--NOMBRE DE PERSONA |
| Nombre de persona |
Jesucristo- |
| Subdivisión general |
Natividad |
| 9 (RLIN) |
66372 |
| 650 #7 - PUNTO DE ACCESO ADICIONAL DE MATERIA--TÉRMINO DE MATERIA |
| Término de materia o nombre geográfico como elemento de entrada |
Pastores |
| Fuente del encabezamiento o término |
embne |
| 9 (RLIN) |
15881 |
| 655 #7 - TERMINO DE INDIZACIÓN--GENERO/FORMA |
| Datos o término principal de género/forma |
Grabados calcográficos |
| Fuente del término |
tgfbne |
| 9 (RLIN) |
241761 |
| 655 #7 - TERMINO DE INDIZACIÓN--GENERO/FORMA |
| Datos o término principal de género/forma |
Grabados |
| Fuente del término |
tgfbne |
| 9 (RLIN) |
226846 |
| 655 #4 - TERMINO DE INDIZACIÓN--GENERO/FORMA |
| Datos o término principal de género/forma |
Reproducciones de obras de arte |
| 9 (RLIN) |
241931 |
| 700 1# - ENTRADA AGREGADA--NOMBRE PERSONAL |
| Nombre de persona |
Bayeu y Subías, Francisco, |
| Fechas asociadas al nombre |
1734-1795 |
| Término indicativo de función/relación |
Artista |
| 9 (RLIN) |
26668 |
| 710 2# - ENTRADA AGREGADA--NOMBRE DE ENTIDAD CORPORATIVA |
| Nombre de entidad corporativa o nombre de jurisdicción como elemento de entrada |
Calcografía de la Imprenta Real |
| Término indicativo de función/relación |
Editor |
| 9 (RLIN) |
241806 |
| 830 #0 - PUNTO DE ACCESO ADICIONAL DE SERIE-TÍTULO UNIFORME |
| Título uniforme |
Colección facticia de grabados ; |
| Designación de volumen o secuencia |
41 |
| 9 (RLIN) |
184692 |
| 852 4# - LOCALIZACIÓN |
| Ubicación |
ES-MaACL |
| Ubicación en estantería |
Depósito 2 |
| Número de control de estantería |
GF-2(41) |
| 856 4# - LOCALIZACIÓN Y ACCESO ELECTRÓNICOS |
| Identificador Uniforme de Recursos |
<a href="https://www.museodelprado.es/coleccion/obra-de-arte/adoracion-de-los-pastores/9ce3591a-c9cc-4088-bd2f-2dffb1de4ce5">https://www.museodelprado.es/coleccion/obra-de-arte/adoracion-de-los-pastores/9ce3591a-c9cc-4088-bd2f-2dffb1de4ce5</a> |
| Texto de enlace |
Versión en línea |
| Nota pública |
(Museo del Prado) |
| 856 4# - LOCALIZACIÓN Y ACCESO ELECTRÓNICOS |
| Identificador Uniforme de Recursos |
<a href="https://patrimoniocultural.us.es/catalogo/1393/adoracion-de-los-pastores?lang=ES">https://patrimoniocultural.us.es/catalogo/1393/adoracion-de-los-pastores?lang=ES</a> |
| Texto de enlace |
Versión en línea |
| Nota pública |
(Patrimonio Cultural de la Universidad de Sevilla) |
| 942 ## - ELEMENTOS DE ENTRADA SECUNDARIOS (KOHA) |
| Fuente del sistema de clasificación o colocación |
Clasificación decimal universal |
| Tipo de ítem Koha |
Grabado |
| Suprimir en OPAC |
No |